000 00645nam a2200229Ia 4500
003 OSt
005 20221007073112.0
006 a|||||r|||| 00| 0
007 ta
008 221006b |||||||| |||| 00| 0 eng d
024 _a46,084
037 _cTextual
040 _aFLL
_cFLL
_beng
041 _2eng
_aeng
082 _aZ,2, Q0
100 _aPURDY Jedediah Au.
_9691900
245 0 _aMeaning of property
_b Freedom, community and the legal imagination
260 _aLondon
_bYale University Press
_c2010
300 _avii,225p.
_ccm.
942 _hZ,2, Q0
_cTEXL
_2CC
999 _c1147682
_d1147682